MARC

LEADER 00000nlm0a2200000 4500
001 666251
005 20231228135533.0
035 |a (RuTPU)RU\TPU\network\37455 
035 |a RU\TPU\network\26392 
090 |a 666251 
100 |a 20211213d2017 m y0rusy50 ca 
101 0 |a rus 
102 |a RU 
105 |a a j 000zy 
135 |a jrcn ---uucaa 
181 0 |a i  
182 0 |a b 
200 1 |a Физика 1.1 / ДО 2018 (13.03.01, 13.03.02)  |e электронный курс  |f Н. С. Кравченко, Е. В. Лисичко  |g Национальный исследовательский Томский политехнический университет, Физико-технический институт, Кафедра экспериментальной физики 
203 |a Текст  |c электронный 
210 |a Томск  |c TPU Moodle  |d 2017 
300 |a Заглавие с экрана 
333 |a Доступ по логину и паролю 
606 1 |a Физика  |2 stltpush  |3 (RuTPU)RU\TPU\subj\63709  |9 80688 
610 1 |a электронный ресурс 
610 1 |a труды учёных ТПУ 
610 1 |a электронные учебные пособия 
610 1 |a учебные пособия 
610 1 |a Moodle 
610 1 |a e-learning 
675 |a 53(075.8)  |v 4 
700 1 |a Кравченко  |b Н. С.  |c физик  |c доцент Томского политехнического университета, кандидат физико-математических наук  |f 1940-  |g Надежда Степановна  |3 (RuTPU)RU\TPU\pers\27021 
701 1 |a Лисичко  |b Е. В.  |c физик  |c доцент Томского политехнического университета, кандидат педагогических наук  |f 1972-  |g Елена Владимировна  |3 (RuTPU)RU\TPU\pers\28369  |9 13260 
712 0 2 |a Национальный исследовательский Томский политехнический университет  |b Физико-технический институт  |b Кафедра экспериментальной физики  |3 (RuTPU)RU\TPU\col\21255 
801 2 |a RU  |b 63413507  |c 20211213  |g RCR 
856 4 |u https://design.lms.tpu.ru/course/view.php?id=2666 
942 |c CF